Aztec Empire Quiz - Statistics

General Stats
  • This quiz has been taken 45 times
  • The average score is 9 of 10
Answer Stats
Hint Answer % Correct
Why did the Aztecs practice human sacrifice?
To feed the gods and ensure cosmic balance
97%
Which lake was Tenochtitlan built on? Lake Texcoco
95%
What was the capital city of the Aztec Empire? Tenochtitlan
95%
What was the main staple crop of the Aztec diet? Maize
92%
Which modern-day country was the heartland of the Aztec Empire? Mexico
92%
- Who was the Aztec emperor when the Spanish arrived? Montezuma II
92%
What was the primary language spoken by the Aztecs? Nahuatl
92%
What was the name of the Aztec system of floating gardens? Chinampas
90%
Which Spanish conquistador led the expedition that resulted in the fall of the Aztec Empire? Hernán Cortés
90%
What was the name of the Aztec sun god who was central to their religion? Huitzilopochtli
90%
No matching quizzes found
Score Distribution
Percent of People with Each Score
Percentile by Number Answered
Your Score History
You have not taken this quiz